Médecine traditionnelle et pharmacopée : contributions aux études ethnobotaniques et floristiques au Mali : rapport présenté à l'ACCT (Record no. 17547)

MARC details
000 -LEADER
fixed length control field 00478 a2200169 4500
035 ## - SYSTEM CONTROL NUMBER
System control number 5030
035 ## - SYSTEM CONTROL NUMBER
System control number 9553
100 ## - VEDETTE PRINCIPALE - NOM DE PERSONNE
Personal name Adjanogoun, E. J.
245 ## - TITLE STATEMENT
Title Médecine traditionnelle et pharmacopée : contributions aux études ethnobotaniques et floristiques au Mali : rapport présenté à l'ACCT
260 ## - PUBLICATION, DISTRIBUTION, ETC. (IMPRINT)
Date of publication, distribution, etc 1979
300 ## - PHYSICAL DESCRIPTION
Extent 291 p.
700 ## - ADDED ENTRY--PERSONAL NAME
Personal name Aké Assi, L.
700 ## - ADDED ENTRY--PERSONAL NAME
Personal name Floret, J. J.
Holdings
Withdrawn status Lost status Damaged status Not for loan Location (home branch) Sublocation or collection (holding branch) Date acquired Koha issues (times borrowed) Koha full call number Koha date last seen Price effective from Koha item type
        Bibliothèque Faculté des Sciences de la Santé Bibliothèque Faculté des Sciences de la Santé 27/02/2009   WB 960 MED 27/02/2009 27/02/2009 Livre


© 2008, Bibliothèques de l'Université d'Abomey-Calavi

04 BP 789 Cotonou, Tél. : +229 21 36 01 01, Fax : +229 21 35 06 32

Courriel : bu@bu.uac.bj